Der Garten des Menschlichen: Beitrage zur geschichtlichen Anthropologie

Saved in:
Bibliografiske detaljer
Hovedforfatter: Weizäcker, Carl Friedrich von (Author)
Format: Bog
Sprog:tysk
Udgivet: Múnich Carl Hanser Verlag 1977
Udgivelse:1a. ed
Fag:
Tags: Tilføj Tag
Ingen Tags, Vær først til at tagge denne postø!

MARC

LEADER 00000cam a2200000 a 4500
001 UCE8176
003 CL-VaPUC
008 150728e19770000gw |||||||||||||||||ger|d
020 |a 3446136398 
082 0 4 |a 573  |b WEI  |2 21 
100 0 |a Weizäcker, Carl Friedrich von  |e author  |9 580910 
245 1 4 |a Der Garten des Menschlichen: Beitrage zur geschichtlichen Anthropologie 
250 |a 1a. ed 
300 |a 612 p 
942 |c BK 
945 |d 20150728 02:04:00  |a gsalatino 
260 |a Múnich  |b Carl Hanser Verlag  |c 1977 
650 0 |a Naturaleza humana   |9 308593 
650 0 |a Antropología histórica   |9 436912 
583 |a last modification  |c 20150728 02:04:00  |k Rodrigo Vera 
999 |c 360115  |d 360113 
952 |0 0  |1 0  |3 erd  |4 0  |6 573_000000000000000_WEI_1977  |7 0  |8 A  |9 469757  |a BIBTEO  |b BIBTEO  |e Casale Rolle, Carlos Ignacio, -2014  |i 5184347  |o 573 WEI 1977  |p 5184347  |r 2025-01-17  |w 2019-11-23  |y BK  |z Catalogado en:20150728  |k ICR